000 00278nam a22001337a 4500
003 SGT
082 _a150
_bS99P
100 _aPENNINGTON, DONALD
245 _aSOCIAL PSYCHOLOGY
260 _aLONDON
_bARNOLD
_c1999
300 _a443
650 _aPSYCHOLOGY
942 _2ddc
_cBK
999 _c10491
_d10491